Responses for show #2057 - Tuesday, July 13, 1993

1993 Seniors Tournament quarterfinal game 2.

Contestants

Hugh Murphy, a bank officer from Hockessin, Delaware

Marilyn Kneeland, a retired teacher from San Diego, California

Will Herrera, a retired airline pilot originally from Pueblo, Colorado

Jeopardy! Round responses

STATE CAPITALS
MOVIE NOSTALGIA
FOOD
CHAINS
(Alex: Get it?)
RODENTS
FRENCH
    $100 1
Kit Carson

Will
    $100 6
Tommy & Jimmy Dorsey

Marilyn
    $100 16
Boston

Marilyn
    $100 25
Los Angeles Times

Hugh
    $100 11
a groundhog

Marilyn
    $100 12
dogs

Marilyn
    $200 2
Topeka

Marilyn
    $200 7
Andy Griffith

Marilyn
    $200 19
hollandaise

Marilyn
    $200 26
Texaco

Marilyn
    $200 15
a beaver

Will
    $200 13
Irish

Marilyn
    $300 3
Salt Lake City

Will
    $300 8
Ann-Margret

Marilyn
    $300 20
yeast

Marilyn
    $300 27
(Hugh: What is Kentucky Fried Chicken?)

Colonel Sanders

WillHugh
    $300 21
(Will: What is a mole?)

a gopher

Will
Triple Stumper
    $300 14
water skiing equipment

Hugh
    $400 4
Santa Fe

Marilyn
    $400 9
Red River

Hugh
    $400 23
(Will: What are clams?)
(Hugh: What are oysters?)
---
(Alex: Marilyn?)
Marilyn [without ringing in] What are [*]?)

mussels

WillMarilynHugh
    $400 28
the A&P

Marilyn
    $400 22
pack rats

Triple Stumper
    $400 17
a rainbow

Marilyn
    $500 5
Oklahoma City

Marilyn
    $500 10
My Foolish Heart

Hugh
    $500 24
sesame seeds

Marilyn
    $500 29
Walgreens

Will
    $500 30
(Hugh: What are bats?)

flying squirrels

WillHugh
    $500 18
(Will: [*])

Who is singing?

Will

Scores at the first commercial break (after clue 15):

Will Marilyn Hugh
$600 $2,100 $1,200

Scores at the end of the Jeopardy! Round:

Will Marilyn Hugh
$1,700 $4,600 $100

Double Jeopardy! Round responses

EXPLORERS
RELIGIOUS HISTORY
HEALTH & MEDICINE
WORLD FLAGS
SHAKESPEARE
WHAT'S IN A NAME?
    $200 17
Cape Cod

Marilyn
    $200 15
the Egyptians

Hugh
    $200 14
the body temperature

Marilyn
    $200 9
red, white & blue

Hugh
    $200 3
Juliet

Will
    $200 1
Vernon

Hugh
    $400 18
Ponce de Leon

Marilyn
    $400 23
the Aztecs

Marilyn
    $400 16
scarlet fever

Will
    $400 10
a cedar

Hugh
    $400 5
Claudius

Hugh
    $400 2
Guinevere

Marilyn
    $600 19
Greenland

Marilyn
    $2,000 24
Martin Luther

Marilyn
    $600 22
mammogram

Marilyn
    $600 11
a star of David

Marilyn
    $600 8
Cleopatra

Hugh
    $600 4
Dennis

Marilyn
    $800 20
(Will: What is India?)

Mecca

WillHugh
    $800 25
the Druids

Will
    $2,000 26
diabetes

Will
    $800 27
St. George

Triple Stumper
    $800 12
Macbeth

Triple Stumper
    $800 6
Chloe

Hugh
    $1000 21
Amundsen

Hugh
    $1000 28
(Marilyn: Who is Cardinal Cushing?)
---
(Alex: [*] was New York, Cushing was Boston.)

Cardinal Spellman

Hugh
    $1000 29
salmonella

Hugh
    $1000 30
Syria

Will
    $1000 13
Troilus

Hugh
    $1000 7
Beatrice

Marilyn

Scores at the end of the Double Jeopardy! Round:

Will Marilyn Hugh
$5,300 $11,600 $7,700

Final Jeopardy! Round responses

FAMOUS AUTHORS
(Alex: There was a character named Pilar in one of his famous novels. We'll find out if that was any help to you in our clue.)
WillWho is Hemingway?
$5,000
HughWho was Hemingway?
$2,310
MarilynWho was Hemingway?
$1,000
Ernest Hemingway

Final scores:

Will Marilyn Hugh
$10,300 $12,600 $10,010
2nd place: $1,000 if eliminated Automatic semifinalist 3rd place: $1,000 if eliminated

Game dynamics:

Coryat scores:

Will Marilyn Hugh
$4,100 $10,200 $7,700
12 R
(including 1 DD),
3 W
28 R
(including 1 DD),
0 W
16 R
(including 1 DD),
3 W

Combined Coryat: $22,000

The J! Archive is created by fans, for fans. The Jeopardy! game show and all elements thereof, including but not limited to copyright and trademark thereto, are the property of Jeopardy Productions, Inc. and are protected under law. This website is not affiliated with, sponsored by, or operated by Jeopardy Productions, Inc. Join the discussion at JBoard.tv.